Crónica de la visita real a Montserrat : Estancia de SS.MM. Don Juan Carlos I y Doña Sofía en la abadía benedictina el día 17 de febrero de 1976 / José Tarín-Iglesias ; prefacio de Juan Antonio Samaranch Estancia de SS.MM. Don Juan Carlos I y Doña Sofía en la abadía benedictina el día 17 de febrero de 1976 / José Tarín-Iglesias ; prefacio de Juan Antonio Samaranch
MARC
| LEADER | 00000nam a2200000Ia 4500 | ||
|---|---|---|---|
| 001 | 2180 | ||
| 008 | 160829s1976 xx 000 0 cat d | ||
| 080 | |a M-3-239 | ||
| 100 | 1 | |a Tarín Iglesias, Josep, |d 1915-1996 |9 21614 | |
| 245 | |a Crónica de la visita real a Montserrat : |b Estancia de SS.MM. Don Juan Carlos I y Doña Sofía en la abadía benedictina el día 17 de febrero de 1976 / José Tarín-Iglesias ; prefacio de Juan Antonio Samaranch | ||
| 260 | |a Barcelona : |b Diputación Provincial de Barcelona, |c 1976 | ||
| 300 | |a 65 p. : |b il., negre i col. ; |c 24 cm | ||
| 610 | 2 | 0 | |9 54252 |a Montserrat (Monestir) |
| 650 | 0 | |a Visites oficials |9 55366 |z Montserrat (Catalunya : Massís) | |
| 651 | 0 | |a Espanya |x Reis i sobirans |9 54042 | |
| 700 | 1 | |a Samaranch, Joan Antoni, |d 1920-2010 |9 34366 | |
| 901 | |a Arxiu | ||
| 942 | |n 1 |2 udc | ||
| 952 | |0 0 |1 0 |4 0 |6 M3239 |7 1 |9 46483 |a Arxiu |b Arxiu |d 2016-12-01 |l 0 |o M-3-239 |p 2180 |r 2016-12-01 00:00:00 |w 2016-12-01 |y ARXIU | ||
| 999 | |c 50273 |d 50273 | ||